|
|
|
|
| LEADER |
00000nam a2200000 a 4500 |
| 001 |
UCN6504 |
| 003 |
CL-VaPUC |
| 008 |
010928e19980000mx |||||||||||||||||spa|d |
| 082 |
0 |
4 |
|a 382.9
|b CRU
|2 21
|
| 100 |
0 |
|
|a Cruz Miramontes, Rodolfo
|e author
|9 462167
|
| 245 |
1 |
0 |
|a México y la Unión Europea
|
| 300 |
|
|
|a 46 p
|
| 942 |
|
|
|c BK
|
| 945 |
|
|
|d 20010928 00:00:00
|a vberengu
|
| 260 |
|
|
|a Ciudad de México
|b Trademex
|c 1998
|
| 600 |
0 |
7 |
|a UNION EUROPEA
|2 CL-VaPUC
|9 320734
|
| 650 |
|
0 |
|a Acuerdos internacionales
|9 337381
|
| 650 |
|
7 |
|a COMERCIO INTERNACIONAL
|2 CL-VaPUC
|9 462168
|
| 650 |
|
0 |
|a Cooperación internacional
|9 255447
|
| 650 |
|
0 |
|a Relaciones Internacionales
|9 255740
|
| 651 |
|
0 |
|a México
|9 255269
|
| 583 |
|
|
|a last modification
|c 20171219 01:47:02
|k Rodrigo Vera
|
| 999 |
|
|
|c 297252
|d 297250
|
| 952 |
|
|
|0 0
|1 0
|4 0
|6 382_900000000000000_CRU_1998
|7 0
|8 P
|9 351826
|a BIBDER
|b BIBDER
|d 2019-11-21
|i 3723712
|o 382.9 CRU 1998
|p 3723712
|r 2023-01-25
|w 2019-11-21
|y BK
|k DER
|